000 00764nmm a2200289 a 4500
003 AR-BaBNM
005 20251128203521.0
008 276019s1987 ||||||||||||||000 | spa||
020 _a950-02-5780-7
040 _cAR-BaBNM
100 1 _aGordon, Sol
245 1 0 _aEducación sexual de los hijos
250 _a1ª ed.
260 _aBuenos Aires
_bEl Ateneo
_c1987
300 0 _a190 p.
500 0 _aApéndice A p.181-187
500 0 _aApéndice B p.189-190
650 4 _aEDUCACION SEXUAL
650 4 _aPAPEL DE LA FAMILIA
650 4 _aADOLESCENTES
650 4 _aENFERMEDADES DE TRANSMISION SEXUAL
650 4 _aRELACION PADRES-HIJOS
700 1 _aGordon, Judith
700 1 _aMarino, Mario Arnaldo
_etraductor
942 _cBK
998 _cCarmen
999 _c3745
_d3745